00549nam a2200169Ia 450000500170000000800410001702000160005808200130007424500810008726000540016830000150022265000100023770000160024794200060026395200950026999900150036420240604034855.0240331s9999 xx 000 0 und d a97855689025 bWOMa363 0aWomen Responding to Disasters :bChallenges and Experiences from South Asia  aBatticaloabSuriya Women Development Centrec2007 aix,126 p., aWomen aEmanuel, S. cL 001040708LaWERCLbWERCLcSSCd2024-03-31l0o 363 WOMp6696r2024-03-31w2024-03-31yL c5695d5695